| 000 | 00474nam a2200181Ia 4500 | ||
|---|---|---|---|
| 005 | 20250326125008.0 | ||
| 008 | 250326s9999 xx 000 0 und d | ||
| 037 | _aTextbook | ||
| 040 |
_aFMSL _beng _cFMSL |
||
| 041 |
_aeng _2eng |
||
| 084 |
_aX:8K K85 _qFMSL |
||
| 100 |
_aEnglish J M _9738320 |
||
| 245 | 0 |
_aCost-effectiveness _cEnglish J M |
|
| 260 |
_aNY _bNY, John Wiley _c1968 |
||
| 300 | _a301p | ||
| 942 |
_cTB _hX:8K K85 |
||
| 999 |
_c1276091 _d1276091 |
||